[Event "RUS-chT L1"]
[Site "Sochi RUS"]
[Date "2004.04.21"]
[Round "2.4"]
[White "Lukyanenko, Alexander"]
[Black "Kiriakov, Petr"]
[Result "0-1"]
[WhiteElo "2410"]
[BlackElo "2568"]
[EventDate "2004.04.20"]
[PlyCount "104"]

1.e4 e6 2.d4 d5 3.Nc3 Nf6 4.e5 Nfd7 5.f4 c5 6.Nf3 Nc6 7.Be3 a6 8.g3 Qb6 9.
Na4 Qa5+ 10.c3 cxd4 11.b4 Qc7 12.Nxd4 b5 13.Nb2 Ncxe5 14.fxe5 Qxc3+ 15.Qd2
Bxb4 16.Kd1 Qa3 17.Qc1 Bc3 18.Nd3 Qa4+ 19.Nc2 Bb7 20.Bd2 Bxa1 21.Qxa1 O-O 
22.Qd4 Qxa2 23.Nc1 Qa4 24.Qxa4 bxa4 25.Bb4 Rfc8 26.Bd6 Bc6 27.Na3 d4 28.
Rg1 Bf3+ 29.Kd2 Nc5 30.Bd3 Bd5 31.Rf1 Nb7 32.Bb4 a5 33.Be7 Rc7 34.Bh4 Nc5 
35.Nb5 Rb7 36.Nxd4 Rb2+ 37.Kc3 Rxh2 38.Nf3 Bxf3 39.Rxf3 Rc8 40.Kd4 Nxd3 
41.Nxd3 a3 42.Rf1 a2 43.Ra1 Rb8 44.Nc1 Rb4+ 45.Kd3 Rbb2 46.Bg5 h6 47.Be3 
a4 48.Ke4 Rhc2 49.Kd3 Rg2 50.g4 g5 51.Bd4 Rg3+ 52.Be3 Rb1 0-1

[Event "RUS-chT L1"]
[Site "Sochi RUS"]
[Date "2004.04.21"]
[Round "2.1"]
[White "Zontakh, Andrei"]
[Black "Yakovich, Yury"]
[Result "1/2-1/2"]
[WhiteElo "2520"]
[BlackElo "2596"]
[EventDate "2004.04.20"]
[PlyCount "46"]

1.e4 c5 2.Nf3 e6 3.d4 cxd4 4.Nxd4 Nf6 5.Nc3 Nc6 6.Ndb5 d6 7.Bf4 e5 8.Bg5 
a6 9.Na3 b5 10.Bxf6 gxf6 11.Nd5 Bg7 12.Bd3 Ne7 13.Nxe7 Qxe7 14.c4 f5 15.
O-O O-O 16.Qf3 d5 17.cxd5 fxe4 18.Bxe4 Rb8 19.Rad1 Rb6 20.Qd3 Qd7 21.Bxh7+
Kh8 22.Qe3 Rh6 23.Bc2 f5 1/2-1/2

[Event "RUS-chT L1"]
[Site "Sochi RUS"]
[Date "2004.04.21"]
[Round "2.2"]
[White "Tregubov, Pavel"]
[Black "Gladyshev, Oleg"]
[Result "1-0"]
[WhiteElo "2636"]
[BlackElo "2443"]
[EventDate "2004.04.20"]
[PlyCount "111"]

1.d4 Nf6 2.c4 g6 3.g3 Bg7 4.Bg2 O-O 5.Nc3 d6 6.Nf3 Nbd7 7.O-O c6 8.e4 e5 
9.b3 Re8 10.h3 a5 11.Re1 exd4 12.Nxd4 Nc5 13.Rb1 h6 14.Bf4 a4 15.b4 Ne6 
16.Nxe6 Bxe6 17.Bxd6 Bxc4 18.e5 Nd7 19.f4 f6 20.Qg4 Bd3 21.Rbd1 Bf5 22.Qf3
fxe5 23.g4 Be6 24.fxe5 Qh4 25.b5 Rac8 26.bxc6 bxc6 27.Re3 Nb6 28.Re2 Nd5 
29.Nxd5 Bxd5 30.Qf4 h5 31.Rf1 Be6 32.g5 Qxf4 33.Rxf4 a3 34.Ra4 Ra8 35.Rxa8
Rxa8 36.Bxc6 Rc8 37.Be4 Kh7 38.Bxa3 Bxe5 39.Bb7 Bd4+ 40.Kg2 Bxh3+ 41.Kh2 
Rc7 42.Bd5 Bf5 43.Re7+ Rxe7 44.Bxe7 Bd7 45.Kg3 Kg7 46.Kf3 Bb2 47.Ke4 Be8 
48.a3 Bf7 49.a4 Bxd5+ 50.Kxd5 h4 51.a5 h3 52.Bd6 Bc1 53.Ke4 Ba3 54.Bb8 Bc5
55.Kf3 Kf7 56.a6 1-0

[Event "RUS-chT L1"]
[Site "Sochi RUS"]
[Date "2004.04.21"]
[Round "2.3"]
[White "Chebotarev, Oleg"]
[Black "Sorokin, Maxim"]
[Result "1/2-1/2"]
[WhiteElo "2442"]
[BlackElo "2583"]
[EventDate "2004.04.20"]
[PlyCount "52"]

1.e4 e5 2.Nf3 Nc6 3.d4 exd4 4.Nxd4 Bb4+ 5.c3 Bc5 6.Be3 Bb6 7.Bc4 Nf6 8.
Nxc6 bxc6 9.e5 Bxe3 10.fxe3 Nd5 11.Bxd5 cxd5 12.Qxd5 Rb8 13.O-O O-O 14.Rf2
Qe7 15.Na3 Rb6 16.Rd1 d6 17.Nc4 Be6 18.Qd4 dxe5 19.Qxe5 Rc6 20.Na3 Rc5 21.
Qe4 Qg5 22.Nc2 Bxa2 23.Nd4 Bd5 24.Qf5 Bb7 25.Qxg5 Rxg5 26.Nf3 Bxf3 1/2-1/2

[Event "RUS-chT L1"]
[Site "Sochi RUS"]
[Date "2004.04.21"]
[Round "2.4"]
[White "Volzhin, Alexander"]
[Black "Zimmerman, Yury"]
[Result "1/2-1/2"]
[WhiteElo "2539"]
[BlackElo "2355"]
[EventDate "2004.04.20"]
[PlyCount "96"]

1.e4 d6 2.d4 Nf6 3.Nc3 g6 4.Bg5 c6 5.Qd2 Bg7 6.f4 b5 7.Bd3 O-O 8.Nf3 Bg4 
9.O-O Qb6 10.Ne2 e5 11.c3 exd4 12.cxd4 Nbd7 13.Kh1 Rae8 14.h3 Bxf3 15.gxf3
c5 16.dxc5 dxc5 17.Ng3 c4 18.Bc2 Nc5 19.f5 Nfd7 20.Bh6 Bxh6 21.Qxh6 Qf6 
22.b4 Nb7 23.Rad1 g5 24.Qh5 Ne5 25.Rg1 Kh8 26.Nf1 Rd8 27.Rxd8 Qxd8 28.Ne3 
f6 29.Nd5 Qe8 30.Qxe8 Rxe8 31.Nxf6 Rf8 32.Ng4 Nxf3 33.Rd1 h5 34.Ne3 Rd8 
35.Rxd8+ Nxd8 36.Bd1 Ne5 37.Bxh5 Ndc6 38.Nc2 Nd3 39.a3 Nce5 40.Kg1 Nf4 41.
Bg4 Ned3 42.Kh2 Kg7 43.Kg3 Kf6 44.Kf3 Ke5 45.Ke3 Ng2+ 46.Ke2 Ngf4+ 47.Ke3 
Ng2+ 48.Ke2 Ngf4+ 1/2-1/2

[Event "RUS-chT L1"]
[Site "Sochi RUS"]
[Date "2004.04.21"]
[Round "2.1"]
[White "Shomoev, Anton"]
[Black "Sokolov, Dmitri"]
[Result "1-0"]
[WhiteElo "2487"]
[BlackElo "2409"]
[EventDate "2004.04.20"]
[PlyCount "71"]

1.e4 c5 2.Nf3 d6 3.d4 cxd4 4.Nxd4 Nf6 5.Nc3 g6 6.Be3 Bg7 7.f3 O-O 8.Qd2 
Nc6 9.Bc4 Bd7 10.O-O-O Rc8 11.Bb3 Ne5 12.Kb1 Nc4 13.Bxc4 Rxc4 14.g4 b5 15.
b3 Rc8 16.Ndxb5 Bxb5 17.Nxb5 Nd7 18.Bd4 Ne5 19.Rhf1 Qd7 20.Nc3 Qb7 21.Nd5 
e6 22.Ne3 Rc6 23.f4 Nd7 24.Bxg7 Kxg7 25.Qd4+ Kg8 26.Nc4 Qa6 27.Nxd6 Nc5 
28.f5 Qe2 29.Rf2 Qxg4 30.fxg6 hxg6 31.Nxf7 Qh5 32.Rdf1 Nxe4 33.Nh6+ Kh7 
34.Qd7+ Kxh6 35.Rxf8 Nc3+ 36.Ka1 1-0

[Event "RUS-chT L1"]
[Site "Sochi RUS"]
[Date "2004.04.21"]
[Round "2.3"]
[White "Abashev, Denis"]
[Black "Semeniuk, Alexander"]
[Result "1-0"]
[WhiteElo "2412"]
[BlackElo "2458"]
[EventDate "2004.04.20"]
[PlyCount "121"]

1.e4 c5 2.Nf3 e6 3.d4 cxd4 4.Nxd4 Nf6 5.Nc3 d6 6.g4 h6 7.h3 Nc6 8.Be3 a6 
9.f4 Qc7 10.Qe2 Nxd4 11.Bxd4 e5 12.Be3 exf4 13.Bxf4 Be6 14.O-O-O Be7 15.
Bg2 O-O 16.e5 dxe5 17.Qxe5 Qxe5 18.Bxe5 Nd7 19.Bg3 Ra7 20.Nd5 Bg5+ 21.Kb1 
b6 22.Nc7 Nc5 23.Nxe6 Nxe6 24.Bf2 Rb8 25.Rd6 Bd8 26.Rhd1 Re7 27.Rd7 Rxd7 
28.Rxd7 Bc7 29.Bd5 Rd8 30.Rxd8+ Bxd8 31.Bc4 a5 32.Bxe6 fxe6 33.c4 Kf7 34.
Kc2 Ke8 35.Kd3 Kd7 36.Bd4 g6 37.Ke4 h5 38.Ke5 Ke7 39.b3 Bc7+ 40.Ke4 Kd7 
41.Be5 Bd8 42.Bg7 Bc7 43.Be5 Bd8 44.Kf3 Kc6 45.Bd4 Kd6 46.Bf2 e5 47.Ke4 
hxg4 48.hxg4 Ke6 49.Bg3 Bc7 50.Bh4 Bd6 51.Bd8 Bc5 52.Bc7 Kf6 53.Bd8+ Ke6 
54.Bc7 Kf6 55.Bxe5+ Kg5 56.Kf3 Kh4 57.Bf6+ g5 58.Bd8 Bg1 59.a3 Bc5 60.b4 
axb4 61.axb4 1-0

[Event "RUS-chT L1"]
[Site "Sochi RUS"]
[Date "2004.04.21"]
[Round "2.4"]
[White "Berezhevsky, Evgeny"]
[Black "Andreev, Afrikan"]
[Result "1-0"]
[WhiteElo "2369"]
[BlackElo "2390"]
[EventDate "2004.04.20"]
[PlyCount "75"]

1.d4 d5 2.c4 c6 3.Nf3 Nf6 4.Nc3 dxc4 5.a4 Bg4 6.Ne5 Bh5 7.g3 e6 8.Bg2 Bb4 
9.Nxc4 Nd5 10.Qd3 Nd7 11.O-O O-O 12.e4 N5b6 13.Nxb6 axb6 14.Bf4 Qe7 15.Be3
Ra5 16.b3 Rfa8 17.Rac1 f6 18.Na2 Bd6 19.Bd2 R5a7 20.f4 Rd8 21.Qc2 e5 22.
fxe5 fxe5 23.d5 cxd5 24.exd5 Bg6 25.Qc4 Nc5 26.Rc3 Raa8 27.Be3 Rac8 28.Qg4
Rf8 29.b4 Nd7 30.Bg5 Qe8 31.Rxc8 Qxc8 32.Qe6+ Bf7 33.Qxd6 e4 34.Rc1 Qe8 
35.Be7 e3 36.Bxf8 Nxf8 37.Qxb6 Qxa4 38.Nc3 1-0

[Event "RUS-chT L1"]
[Site "Sochi RUS"]
[Date "2004.04.21"]
[Round "2.1"]
[White "Turov, Maxim"]
[Black "Kutuzov, Denis"]
[Result "1-0"]
[WhiteElo "2528"]
[BlackElo "2277"]
[EventDate "2004.04.20"]
[PlyCount "65"]

1.e4 e6 2.Qe2 c5 3.Nf3 Nc6 4.g3 g6 5.d3 Bg7 6.Bg2 Nge7 7.c3 O-O 8.h4 h6 9.
O-O b6 10.d4 d6 11.Rd1 Qc7 12.Na3 a6 13.Nc2 Bb7 14.b3 Rac8 15.Bb2 cxd4 16.
cxd4 d5 17.exd5 Nxd5 18.Rac1 Rfd8 19.Nce1 Qb8 20.Nd3 Ncb4 21.Rxc8 Rxc8 22.
Nxb4 Nxb4 23.Ba3 Nc2 24.Bc1 Bxf3 25.Qxf3 Nxd4 26.Qd3 b5 27.Bxh6 Bxh6 28.
Qxd4 Qc7 29.Be4 Bg7 30.Qd3 Qc3 31.Qd6 a5 32.Qa6 Bd4 33.Rxd4 1-0

[Event "RUS-chT L1"]
[Site "Sochi RUS"]
[Date "2004.04.21"]
[Round "2.2"]
[White "Roppel, Konstantin"]
[Black "Petrushin, Alexander"]
[Result "0-1"]
[WhiteElo "2303"]
[BlackElo "2487"]
[EventDate "2004.04.20"]
[PlyCount "116"]

1.d4 g6 2.Nf3 Bg7 3.Bf4 d6 4.e3 Nd7 5.Bc4 e6 6.Nbd2 Ngf6 7.h3 O-O 8.O-O 
Qe7 9.Qe2 e5 10.dxe5 dxe5 11.Bh2 Ne8 12.c3 Nd6 13.Bb3 Nc5 14.Nc4 Nxb3 15.
axb3 Nxc4 16.bxc4 f6 17.Rfd1 Be6 18.Ne1 a6 19.Nc2 Rfd8 20.e4 Bh6 21.Kh1 
Rxd1+ 22.Rxd1 Rd8 23.Rxd8+ Qxd8 24.f4 exf4 25.Nd4 Bf7 26.c5 Qe7 27.c6 bxc6
28.Nxc6 Qe8 29.Nd4 c5 30.Nf3 a5 31.Bg1 Bf8 32.Qd3 a4 33.h4 Qb8 34.Qd2 h6 
35.Qe2 Bd6 36.Nh2 Kg7 37.Nf3 g5 38.hxg5 hxg5 39.Bf2 Bg6 40.e5 Bxe5 41.Bxc5
Qh8+ 42.Kg1 Qc8 43.Bd4 Bxd4+ 44.Nxd4 Qc5 45.Qa6 Be8 46.Qb7+ Bf7 47.Qa6 Qe5
48.Qxa4 Bd5 49.Qd1 Qe3+ 50.Kf1 Bc4+ 51.Ne2 Kg6 52.Ke1 Qe4 53.Qd2 g4 54.Kd1
Bxe2+ 55.Qxe2 Qb1+ 56.Kd2 Qxb2+ 57.Kd1 Qxe2+ 58.Kxe2 Kf5 0-1

[Event "RUS-chT L1"]
[Site "Sochi RUS"]
[Date "2004.04.21"]
[Round "2.3"]
[White "Kryakvin, Dmitry"]
[Black "Cherniaev, Alexander"]
[Result "1-0"]
[WhiteElo "2471"]
[BlackElo "2270"]
[EventDate "2004.04.20"]
[PlyCount "69"]

1.d4 Nf6 2.c4 e6 3.Nc3 Bb4 4.Qc2 b6 5.e4 Bb7 6.e5 Ne4 7.Nf3 f5 8.Bd3 O-O 
9.a3 Bxc3+ 10.bxc3 d6 11.O-O Nd7 12.exd6 cxd6 13.Nd2 Nxd2 14.Bxd2 Qf6 15.
f3 Kh8 16.a4 e5 17.Be3 a5 18.Rab1 Ba6 19.g4 g6 20.f4 e4 21.Be2 Qh4 22.gxf5
Qh3 23.Qd2 Qxf5 24.d5 Rab8 25.Bxb6 Rxb6 26.Rxb6 Nxb6 27.Qd4+ Qf6 28.Qxb6 
Qxc3 29.Qxd6 Qd4+ 30.Kh1 Rf6 31.Qe5 Qxe5 32.fxe5 Rf5 33.e6 Kg7 34.Rxf5 
gxf5 35.e7 1-0

[Event "RUS-chT L1"]
[Site "Sochi RUS"]
[Date "2004.04.21"]
[Round "2.4"]
[White "Davydov, Sergei"]
[Black "Vyetik, Viacheslav"]
[Result "0-1"]
[WhiteElo "2249"]
[BlackElo "2436"]
[EventDate "2004.04.20"]
[PlyCount "68"]

1.e4 c5 2.Nf3 Nc6 3.c3 Nf6 4.Bd3 d5 5.e5 c4 6.Bc2 Ng4 7.Qe2 Qc7 8.Ba4 Bf5 
9.Nd4 Bxb1 10.Qxg4 Bd3 11.f4 e6 12.b4 O-O-O 13.Bxc6 bxc6 14.a4 h5 15.Qf3 
a6 16.b5 c5 17.Ne2 g5 18.fxg5 Qxe5 19.Qe3 Qxe3 20.dxe3 Kb7 21.Nf4 Be4 22.
O-O Rd7 23.h4 Bg7 24.Bd2 d4 25.Rac1 axb5 26.axb5 e5 27.Nh3 Bd3 28.Rfe1 Ra8
29.exd4 cxd4 30.Nf2 Ra2 31.Nxd3 cxd3 32.Red1 e4 33.Be1 Rc2 34.c4 Rc7 0-1

[Event "RUS-chT L1"]
[Site "Sochi RUS"]
[Date "2004.04.21"]
[Round "2.1"]
[White "Pugachov, Alexei"]
[Black "Kasparov, Sergei"]
[Result "1-0"]
[WhiteElo "2453"]
[BlackElo "2497"]
[EventDate "2004.04.20"]
[PlyCount "89"]

1.Nf3 Nf6 2.c4 c5 3.Nc3 e6 4.e4 d6 5.d4 cxd4 6.Nxd4 a6 7.Bd3 Nbd7 8.O-O g6
9.Nf3 Qc7 10.Bf4 Nh5 11.Be3 Bg7 12.Qd2 O-O 13.Bh6 Nhf6 14.Bxg7 Kxg7 15.
Rfd1 b6 16.Be2 Ne8 17.Rac1 Bb7 18.b4 Rc8 19.h3 Qb8 20.Nh2 Ndf6 21.Ng4 Nxg4
22.hxg4 f6 23.Qe3 Ba8 24.Na4 Rc7 25.Nxb6 Bxe4 26.c5 Bd5 27.Nxd5 exd5 28.c6
Qxb4 29.Rxd5 Qb2 30.a4 Rff7 31.Bxa6 Rfe7 32.Qd2 Qxd2 33.Rxd2 Re4 34.Bb5 
Rxg4 35.Re1 Kf8 36.Re6 Rg5 37.f4 Rc5 38.Rde2 Rc8 39.Ba6 Rd8 40.Bb7 d5 41.
Re7 d4 42.Rd7 d3 43.Rd2 Rd5 44.Rxd5 Rxd5 45.c7 1-0

[Event "RUS-chT L1"]
[Site "Sochi RUS"]
[Date "2004.04.21"]
[Round "2.2"]
[White "Savchenko, Boris"]
[Black "Chuprov, Dmitry"]
[Result "1/2-1/2"]
[WhiteElo "2510"]
[BlackElo "2549"]
[EventDate "2004.04.20"]
[PlyCount "128"]

1.e4 d6 2.d4 Nf6 3.f3 Nbd7 4.Be3 e5 5.d5 Be7 6.c4 O-O 7.Nc3 c6 8.Nh3 cxd5 
9.cxd5 a6 10.Nf2 Nh5 11.Nd3 Bg5 12.Bf2 Nf4 13.Nxf4 exf4 14.Bd3 Ne5 15.O-O 
Bd7 16.a4 Qf6 17.Be2 Rae8 18.Qd4 h5 19.a5 Bh6 20.Na4 g5 21.Nb6 Bb5 22.Bxb5
axb5 23.Qb4 g4 24.Bd4 Qg6 25.Bxe5 dxe5 26.Nd7 Rc8 27.Nxf8 Bxf8 28.Qb3 Bc5+
29.Kh1 Be3 30.Rae1 Bd2 31.Rd1 Be3 32.d6 Bd4 33.Qd5 Rd8 34.d7 h4 35.Qxb7 
Kh7 36.fxg4 Qxg4 37.h3 Qxd7 38.Qxd7 Rxd7 39.b4 Kg6 40.Rf3 f5 41.exf5+ Kxf5
42.Rc3 Rb7 43.Rc8 Ke4 44.Rdc1 Kd3 45.a6 Ra7 46.R1c6 e4 47.Rd8 e3 48.Re6 
Rc7 49.Red6 e2 50.Rxd4+ Ke3 51.Rd1 exd1=Q+ 52.Rxd1 f3 53.gxf3 Kxf3 54.Ra1 
Ra7 55.Ra5 Ke3 56.Kg2 Rg7+ 57.Kf1 Rf7+ 58.Ke1 Ra7 59.Kf1 Rf7+ 60.Kg2 Rg7+ 
61.Kh2 Ra7 62.Rxb5 Rxa6 63.Rg5 Ra4 64.b5 Rb4 1/2-1/2

[Event "RUS-chT L1"]
[Site "Sochi RUS"]
[Date "2004.04.21"]
[Round "2.3"]
[White "Kabanov, Nikolai"]
[Black "Meshkov, Yury"]
[Result "0-1"]
[WhiteElo "2519"]
[BlackElo "2396"]
[EventDate "2004.04.20"]
[PlyCount "102"]

1.Nf3 c5 2.e4 e6 3.Nc3 a6 4.d4 cxd4 5.Nxd4 Qc7 6.Be3 Bb4 7.Ne2 Nf6 8.a3 
Bc5 9.Qd3 b5 10.Bxc5 Qxc5 11.Qg3 O-O 12.Nc1 Bb7 13.Nb3 Qb6 14.Bd3 d6 15.
O-O Nbd7 16.Kh1 Rac8 17.f4 Rxc3 18.bxc3 Nxe4 19.Bxe4 Bxe4 20.Nd4 Nc5 21.f5
exf5 22.Nxf5 Bxf5 23.Rxf5 Ne4 24.Qe1 Qc6 25.Rf3 Rc8 26.Rd1 d5 27.Rdd3 Re8 
28.h3 g6 29.Qg1 Re5 30.Qd4 Qe6 31.Kg1 h5 32.Rde3 h4 33.a4 bxa4 34.c4 dxc4 
35.Rf4 f5 36.Rxh4 Qe7 37.Rf4 c3 38.Rf1 a3 39.Ra1 Re6 40.Rd3 Rd6 41.Qe3 Kf7
42.Rd4 Qd8 43.Rxd6 Qxd6 44.Kf1 Kf6 45.Ke1 a2 46.Qd3 Qb6 47.Qf3 Qb1+ 48.Qd1
Nd2 49.Ke2 g5 50.Ke1 f4 51.Ke2 Qb5+ 0-1

[Event "RUS-chT L1"]
[Site "Sochi RUS"]
[Date "2004.04.22"]
[Round "3.2"]
[White "Gladyshev, Oleg"]
[Black "Diachkov, Sergei"]
[Result "1/2-1/2"]
[WhiteElo "2443"]
[BlackElo "2549"]
[EventDate "2004.04.20"]
[PlyCount "90"]

1.d4 Nf6 2.c4 g6 3.Nc3 Bg7 4.e4 d6 5.Be2 O-O 6.Nf3 e5 7.O-O Nc6 8.d5 Ne7 
9.Ne1 Ne8 10.Be3 f5 11.f3 Kh8 12.a4 Ng8 13.exf5 gxf5 14.f4 Ne7 15.Qd2 Nf6 
16.Nd3 Ng6 17.fxe5 dxe5 18.Bg5 c6 19.Bh5 Ne7 20.Nxe5 Nxh5 21.d6 Qb6+ 22.
Be3 Qb4 23.dxe7 Qxe7 24.Nf3 Be6 25.Rfe1 Bxc4 26.Bxa7 Qc7 27.Bc5 Rfe8 28.
Qg5 Nf4 29.Qh4 Bg8 30.Bd4 Nd5 31.Nxd5 Bxd5 32.Rxe8+ Rxe8 33.Re1 Be4 34.Qf2
Bxd4 35.Qxd4+ Qg7 36.Kf2 Qxd4+ 37.Nxd4 Rd8 38.Nf3 Kg7 39.Re2 Kf6 40.Rd2 
Rxd2+ 41.Nxd2 Ke5 42.g3 Bc2 43.Ke3 Bxa4 44.Nc4+ Ke6 45.Na5 b6 1/2-1/2

[Event "RUS-chT L1"]
[Site "Sochi RUS"]
[Date "2004.04.22"]
[Round "3.4"]
[White "Zimmerman, Yury"]
[Black "Evdokimov, Alexander"]
[Result "0-1"]
[WhiteElo "2355"]
[BlackElo "2495"]
[EventDate "2004.04.20"]
[PlyCount "116"]

1.d4 Nf6 2.c4 c5 3.d5 g6 4.Nc3 Bg7 5.e4 O-O 6.Nf3 d6 7.h3 e6 8.Bd3 exd5 9.
cxd5 b5 10.a3 Re8 11.O-O a6 12.Re1 Nbd7 13.Bf4 Qb6 14.Qd2 c4 15.Bc2 Bb7 
16.Be3 Nc5 17.Bd4 Nfd7 18.Bxg7 Kxg7 19.Qd4+ f6 20.Nd2 Re7 21.a4 Nxa4 22.
Qxb6 Naxb6 23.Nf3 Nc5 24.Nd4 Kf7 25.f3 Bc8 26.Na2 Bd7 27.Nb4 Ree8 28.Ra5 
Reb8 29.Rd1 Nba4 30.b3 cxb3 31.Nxb3 Rb6 32.Nxc5 Nxc5 33.Rda1 Bc8 34.Kf2 
Nd7 35.Bd3 Bb7 36.R5a3 Nc5 37.Bc2 Re8 38.g4 Ke7 39.h4 h6 40.f4 Kf7 41.Kf3 
Bc8 42.g5 hxg5 43.hxg5 fxg5 44.e5 Bb7 45.Kg4 dxe5 46.Rc3 Nd7 47.Rc7 Ke7 
48.Bxg6 Rxg6 49.Rxb7 gxf4+ 50.Kf5 Rf6+ 51.Ke4 f3 52.Ke3 f2 53.Rf1 Ref8 54.
Nd3 Kd6 55.Ke2 Nc5 56.Rb6+ Kxd5 57.Rxf6 Rxf6 58.Nxf2 Nb3 0-1

[Event "RUS-chT L1"]
[Site "Sochi RUS"]
[Date "2004.04.22"]
[Round "3.1"]
[White "Tregubov, Pavel"]
[Black "Volkov, Sergei"]
[Result "1/2-1/2"]
[WhiteElo "2636"]
[BlackElo "2629"]
[EventDate "2004.04.20"]
[PlyCount "35"]

1.d4 d5 2.c4 c6 3.Nf3 Nf6 4.e3 Bg4 5.Nc3 e6 6.h3 Bxf3 7.Qxf3 Nbd7 8.Bd2 
Bd6 9.cxd5 exd5 10.Bd3 Qe7 11.O-O O-O 12.Rfe1 Rae8 13.e4 dxe4 14.Nxe4 Nxe4
15.Bxe4 Qd8 16.Bc2 Rxe1+ 17.Rxe1 Re8 18.Rxe8+ 1/2-1/2

[Event "RUS-chT L1"]
[Site "Sochi RUS"]
[Date "2004.04.22"]
[Round "3.3"]
[White "Volzhin, Alexander"]
[Black "Yevseev, Denis"]
[Result "1/2-1/2"]
[WhiteElo "2539"]
[BlackElo "2580"]
[EventDate "2004.04.20"]
[PlyCount "33"]

1.e4 c6 2.d4 d5 3.Nd2 dxe4 4.Nxe4 Bf5 5.Ng3 Bg6 6.h4 h6 7.Nf3 e6 8.h5 Bh7 
9.Bd3 Bxd3 10.Qxd3 Nf6 11.Bf4 Bd6 12.Be5 Bxe5 13.Nxe5 Nbd7 14.Nxd7 Qxd7 
15.O-O-O O-O 16.Ne4 Nxe4 17.Qxe4 1/2-1/2

[Event "RUS-chT L1"]
[Site "Sochi RUS"]
[Date "2004.04.22"]
[Round "3.4"]
[White "Popov, Valery"]
[Black "Khismatullin, Denis"]
[Result "1/2-1/2"]
[WhiteElo "2547"]
[BlackElo "2537"]
[EventDate "2004.04.20"]
[PlyCount "20"]

1.d4 d5 2.c4 dxc4 3.Nf3 Nf6 4.e3 e6 5.Bxc4 c5 6.O-O cxd4 7.exd4 Be7 8.Nc3 
O-O 9.Bg5 Nc6 10.a3 Bd7 1/2-1/2

[Event "RUS-chT L1"]
[Site "Sochi RUS"]
[Date "2004.04.22"]
[Round "3.1"]
[White "Rodin, Dmitrij"]
[Black "Shomoev, Anton"]
[Result "1/2-1/2"]
[WhiteElo "2452"]
[BlackElo "2487"]
[EventDate "2004.04.20"]
[PlyCount "69"]

1.e4 c5 2.Nf3 Nc6 3.d4 cxd4 4.Nxd4 Nf6 5.Nc3 e5 6.Ndb5 d6 7.Bg5 a6 8.Na3 
b5 9.Nd5 Be7 10.Bxf6 Bxf6 11.g3 Bg5 12.Bg2 O-O 13.O-O Be6 14.c3 Rb8 15.Nc2
a5 16.a3 Ne7 17.Nce3 Bxe3 18.Nxe3 b4 19.axb4 axb4 20.Ra6 Rb6 21.Qd3 bxc3 
22.bxc3 Rxa6 23.Qxa6 Qc7 24.Rd1 Rd8 25.Bf1 Qxc3 26.Rxd6 Qc7 27.Rxd8+ Qxd8 
28.Nc4 Qb8 29.h4 g6 30.Qa5 Bxc4 31.Bxc4 Qd6 32.Qa8+ Kg7 33.Qe8 Qf6 34.Kg2 
h5 35.Qd7 1/2-1/2

[Event "RUS-chT L1"]
[Site "Sochi RUS"]
[Date "2004.04.22"]
[Round "3.2"]
[White "Ivanov, Timur"]
[Black "Kostin, Alexei"]
[Result "1/2-1/2"]
[WhiteElo "2419"]
[BlackElo "2385"]
[EventDate "2004.04.20"]
[PlyCount "85"]

1.Nf3 c5 2.c4 e6 3.Nc3 Nf6 4.g3 b6 5.Bg2 Bb7 6.O-O Be7 7.d4 cxd4 8.Qxd4 
O-O 9.Rd1 Nc6 10.Qf4 Rc8 11.b3 a6 12.e4 d6 13.Ba3 b5 14.Bxd6 Bxd6 15.Rxd6 
Qa5 16.e5 bxc4 17.exf6 Qxc3 18.Rc1 Qxf6 19.Qxf6 gxf6 20.Rxc4 Rfd8 21.Rxd8+
Rxd8 22.Nd4 Ne5 23.Ra4 Bc8 24.Kf1 Rd6 25.Ke2 Bd7 26.Rb4 Kg7 27.f4 Ng4 28.
h3 a5 29.Rc4 Nh6 30.g4 e5 31.Nc6 e4 32.Bxe4 f5 33.gxf5 Nxf5 34.Bxf5 Bxf5 
35.Rc3 Rh6 36.Nxa5 Bxh3 37.Rg3+ Kf6 38.Nc4 Be6 39.Ne3 Rh2+ 40.Rg2 Rxg2+ 
41.Nxg2 Kf5 42.Kf3 Bd5+ 43.Kg3 1/2-1/2

[Event "RUS-chT L1"]
[Site "Sochi RUS"]
[Date "2004.04.22"]
[Round "3.3"]
[White "Sergienko, Sergei"]
[Black "Andreev, Afrikan"]
[Result "1-0"]
[WhiteElo "2404"]
[BlackElo "2390"]
[EventDate "2004.04.20"]
[PlyCount "97"]

1.d4 d5 2.c4 c6 3.e3 Nf6 4.Nc3 a6 5.Qc2 Bg4 6.Nge2 Bxe2 7.Bxe2 e6 8.O-O 
Nbd7 9.Bd2 Be7 10.c5 e5 11.f4 exd4 12.exd4 O-O 13.Bd3 Re8 14.Rae1 Nf8 15.
f5 N6d7 16.Kh1 Bf6 17.Rxe8 Qxe8 18.Ne2 h6 19.Qb3 Qc8 20.Bf4 Bg5 21.Bd6 Nf6
22.Ng1 Qd7 23.Nf3 Ne8 24.Bg3 Rd8 25.Qc2 Nc7 26.Re1 Bf6 27.a4 Re8 28.Rxe8 
Nxe8 29.Qd2 Bd8 30.Qe3 Nf6 31.b4 Bc7 32.Bxc7 Qxc7 33.g3 Qd8 34.Kg2 N8d7 
35.h3 Kf8 36.Nd2 a5 37.b5 cxb5 38.Bxb5 Qc7 39.Kf3 Nb8 40.Qf4 Ne8 41.Bxe8 
Qxf4+ 42.Kxf4 Kxe8 43.Ke5 Ke7 44.Kxd5 Nc6 45.Nc4 Kf6 46.Nd6 h5 47.Ke4 Nd8 
48.d5 Kg5 49.Nc4 1-0

[Event "RUS-chT L1"]
[Site "Sochi RUS"]
[Date "2004.04.22"]
[Round "3.4"]
[White "Dashibalov, Erdem"]
[Black "Lukyanenko, Alexander"]
[Result "1/2-1/2"]
[WhiteElo "2324"]
[BlackElo "2410"]
[EventDate "2004.04.20"]
[PlyCount "98"]

1.e4 e5 2.Nf3 Nc6 3.Bb5 a6 4.Ba4 Nf6 5.O-O b5 6.Bb3 Be7 7.Re1 d6 8.c3 O-O 
9.h3 Re8 10.d4 Bb7 11.Nbd2 Bf8 12.d5 Nb8 13.Nf1 Nbd7 14.N3h2 Nc5 15.Bc2 c6
16.b4 Ncd7 17.dxc6 Bxc6 18.Bg5 h6 19.Bxf6 Nxf6 20.Ng4 Nxg4 21.Qxg4 d5 22.
exd5 Qxd5 23.Bb3 Qd7 24.Qh5 Qb7 25.Ne3 Ra7 26.Qg6 Rc8 27.Rad1 Kh8 28.Qg3 
e4 29.Ng4 Qe7 30.Ne5 Qf6 31.Rd4 Re7 32.Nxc6 Qxc6 33.c4 bxc4 34.Rxc4 Qb7 
35.Rec1 Rxc4 36.Rxc4 Rd7 37.Qe5 Re7 38.Qd4 Re8 39.Ba4 Rb8 40.Bc6 Qe7 41.a3
a5 42.b5 f5 43.Qd7 Qe5 44.Bd5 e3 45.fxe3 Qxe3+ 46.Kh2 Qe5+ 47.Kh1 Qe1+ 48.
Kh2 Qe5+ 49.Kh1 Qe1+ 1/2-1/2

[Event "RUS-chT L1"]
[Site "Sochi RUS"]
[Date "2004.04.22"]
[Round "3.2"]
[White "Pogromsky, Mikhail"]
[Black "Kositsin, Sergei"]
[Result "1/2-1/2"]
[WhiteElo "2243"]
[BlackElo "2429"]
[EventDate "2004.04.20"]
[PlyCount "104"]

1.d4 Nf6 2.Nc3 d5 3.Bg5 g6 4.Qd3 Bg7 5.O-O-O c6 6.e4 dxe4 7.Nxe4 Qd5 8.
Bxf6 exf6 9.Nc3 Qg5+ 10.Kb1 O-O 11.h4 Qa5 12.h5 Be6 13.Nge2 Na6 14.a3 b5 
15.Nf4 Bf5 16.Qd2 Rfd8 17.Be2 Nc7 18.h6 Bh8 19.Bf3 Qb6 20.g4 Be6 21.Nxe6 
fxe6 22.Qe3 Re8 23.Ne4 Nd5 24.Qb3 a5 25.a4 bxa4 26.Qxb6 Nxb6 27.Nd6 Re7 
28.c4 Rd8 29.c5 Nc8 30.Nxc8 Rxc8 31.Kc2 Rb7 32.Rhe1 Kf7 33.Re3 f5 34.gxf5 
gxf5 35.Rde1 Rcb8 36.Bh5+ Kf6 37.Rxe6+ Kg5 38.Bd1 Bxd4 39.Rxc6 Bxf2 40.Rh1
Rxb2+ 41.Kc3 R2b5 42.Rh5+ Kf4 43.Bxa4 Rxc5+ 44.Rxc5 Bxc5 45.Bd7 Rf8 46.Kc4
Bb4 47.Kd5 Rf6 48.Be6 Kg4 49.Rxf5 Rxh6 50.Rf6+ Kg5 51.Rxh6 Kxh6 52.Ke4 Kg5
1/2-1/2

[Event "RUS-chT L1"]
[Site "Sochi RUS"]
[Date "2004.04.22"]
[Round "3.3"]
[White "Semeniuk, Alexander"]
[Black "Ustinov, Viacheslav"]
[Result "1/2-1/2"]
[WhiteElo "2458"]
[BlackElo "2246"]
[EventDate "2004.04.20"]
[PlyCount "86"]

1.e4 c5 2.Nf3 d6 3.d4 cxd4 4.Nxd4 Nf6 5.Nc3 Nc6 6.Be2 e5 7.Nb3 Be7 8.Be3 
O-O 9.f3 a5 10.O-O a4 11.Nd2 d5 12.Nxd5 Nxd5 13.exd5 Qxd5 14.Nc4 Qxd1 15.
Rfxd1 Be6 16.Nb6 Rad8 17.Nxa4 Nb4 18.Bc5 Bxc5+ 19.Nxc5 Nxc2 20.Nxe6 fxe6 
21.Rac1 Nd4 22.Bd3 g6 23.Kf2 Rf7 24.Be4 Kg7 25.Rc5 Kf6 26.h4 h5 27.Rd3 Ra8
28.a3 Rd8 29.Ke3 Rfd7 30.g4 hxg4 31.fxg4 Rg8 32.Rd2 Rh8 33.Rh2 b6 34.Rc1 
Kg7 35.Rf1 Rc7 36.h5 gxh5 37.gxh5 Rf7 38.Rxf7+ Kxf7 39.Bg6+ Kf6 40.Ke4 Nf5
41.Rf2 Rd8 42.Kf3 Rd3+ 43.Ke2 Rh3 1/2-1/2

[Event "RUS-chT L1"]
[Site "Sochi RUS"]
[Date "2004.04.22"]
[Round "3.4"]
[White "Shestakov, Dmitry"]
[Black "Berezhevsky, Evgeny"]
[Result "1-0"]
[WhiteElo "2152"]
[BlackElo "2369"]
[EventDate "2004.04.20"]
[PlyCount "73"]

1.Nf3 Nf6 2.d4 e6 3.c4 c5 4.Nc3 cxd4 5.Nxd4 Nc6 6.Nc2 d5 7.cxd5 exd5 8.Be3
Be7 9.Bd4 Be6 10.e3 O-O 11.Be2 Qd7 12.O-O Rfd8 13.Bf3 Rac8 14.Rc1 b6 15.
Be2 Qb7 16.Bd3 Nb8 17.Qf3 Na6 18.b4 Nc7 19.h3 Nce8 20.Qe2 Ra8 21.Ba6 Qd7 
22.Bb5 Qb7 23.Be5 a6 24.Bd3 Nd6 25.Nd4 b5 26.Nxe6 fxe6 27.Bxd6 Bxd6 28.e4 
Bxb4 29.e5 Ne8 30.Nd1 Rac8 31.Rxc8 Qxc8 32.Ne3 Bf8 33.Kh1 g6 34.h4 Qc7 35.
h5 Qxe5 36.hxg6 hxg6 37.Bxg6 1-0

[Event "RUS-chT L1"]
[Site "Sochi RUS"]
[Date "2004.04.22"]
[Round "3.1"]
[White "Kutuzov, Denis"]
[Black "Askarov, Marat"]
[Result "1-0"]
[WhiteElo "2277"]
[BlackElo "2404"]
[EventDate "2004.04.20"]
[PlyCount "67"]

1.e4 c5 2.Nf3 d6 3.c3 Nf6 4.h3 g6 5.Bd3 Bg7 6.Bc2 O-O 7.O-O Nc6 8.d4 cxd4 
9.cxd4 e5 10.d5 Nb4 11.Bb3 a5 12.Nc3 Bd7 13.a3 Na6 14.Be3 b5 15.Qe2 Qb8 
16.Bc2 Rc8 17.a4 b4 18.Nb5 Nc5 19.Nd2 Nh5 20.Rfc1 Nf4 21.Qf1 Bxb5 22.axb5 
a4 23.g3 b3 24.gxf4 bxc2 25.Rxc2 exf4 26.Bxf4 Nxe4 27.Rxc8+ Qxc8 28.Nxe4 
Qf5 29.Bxd6 Qxe4 30.b6 Rd8 31.b7 Be5 32.Re1 Qxe1 33.Qxe1 Bxd6 34.Qa5 1-0